| 000 | 008200000a22002290004500 | ||
|---|---|---|---|
| 090 |
_aAR _b00404 |
||
| 245 | 1 | 0 | _aNotas para la revisión del género Lonchorhina (<Chiroptera, Phyllostomidae>) |
| 650 | 1 | 4 |
_aMurciélagos _92659 |
| 650 | 1 | 4 |
_aTaxonomía animal _98245 |
| 650 | 1 | 4 |
_aMorfología animal _99953 |
| 650 | 1 | 4 |
_aEtología _97606 |
| 650 | 1 | 4 |
_aBiología de la especie _993163 |
| 651 | 4 |
_mDurania _dVaupés _pColombia _992749 |
|
| 653 |
_fPhyllostomidae _gLonchorhina _eLonchorhina aurita |
||
| 653 |
_fPhyllostomidae _gLonchorhina _eLonchorhina orinocensis |
||
| 653 |
_fPhyllostomidae _gLonchorhina _eLonchorhina marinkellei |
||
| 041 | 0 | _aEspañol | |
| 700 | 1 |
_aCadena G., Alberto _96445 |
|
| 100 | 1 |
_aHernández Camacho, Jorge Ignacio _93657 |
|
| 942 | _cARTICULO | ||
| 773 | 1 |
_tCaldasia _345 _h57 _q200-251 _d1978 _g12 |
|
| 999 |
_c9501 _d9501 |
||